Quiz o Legnicy - Statystyki

Ogólne statystyki
  • Ten quiz został rozwiązany 78 razy
    67 od ostatniego zresetowania
  • Średni wynik to 8 z 15
Statystyki odpowiedzi
Wskazówka Odpowiedź % Poprawnych
Przewoźnik kolejowy, którego siedziba znajduje się w Legnicy, to Koleje... Dolnośląskie
98%
Najbardziej utytułowany klub piłkarski Legnicy. Miedź Legnica
85%
Co wydalił chłop według treści suchara "Co się stało pod Legnicą"? Jajecznicę
77%
Jakie dwie ważne drogi szybkiego ruchu krzyżują się w ramach węzła Legnica Południe? A4
75%
Jakie dwie ważne drogi szybkiego ruchu krzyżują się w ramach węzła Legnica Południe? S3
65%
Na herbie miasta parę srebrnych kluczy trzyma jakie zwierzę? Lew
62%
Chodź ci najeźdźcy wygrali w bitwie pod Legnicą, to ich straty były tak dotkliwe, że musieli zatrzymać swój pochód. Mongołowie
58%
Rzeka płynąca przez Park miejski, bezpośredni dopływ Odry. Kaczawa
52%
Galeria handlowa zlokalizowana na Starym Mieście. Galeria {Piastów}
50%
Książę piastowski, który zginął w bitwie pod Legnicą. Henryk II Pobożny
46%
Aktorka teatralna i filmowa, założycielka fundacji Mimo Wszystko. Anna Dymna
42%
Potoczna nazwa obszaru Legnicy, w którym w latach 1945-93 stacjonował radziecki, a potem rosyjski garnizon. Mała Moskwa
42%
Ta dzielnica i część śródmieścia dzieli nazwę z dawną dzielnicą we Wrocławiu. Fabryczna
15%
Pierwszy władca księstwa legnickiego, syn powyższego. Bolesław II Rogatka
12%
Polski oficer, który w filmie o tym samym tytule, co nazwa tego obszaru, był obiektem westchnień Swietłany Chodczenkowej. Michał Janicki
2%
Nie znaleziono quizów pasujących do podanych kryteriów
Rozkład punktacji
Procent ludzi z każdym wynikiem
Percentyl według liczby udzielonych odpowiedzi
Twoja historia wyników
Nie rozwiązałeś tego quizu od ostatniego zresetowania